[Event "Visma IM-A"]
[Site "Vaxjo SWE"]
[Date "2016.07.02"]
[Round "6.2"]
[White "Rydstrom, Tom"]
[Black "Golubka, Petro"]
[Result "1-0"]
[WhiteElo "2328"]
[BlackElo "2386"]
[WhiteFideId "-1"]
[BlackFideId "-1"]
[PlyCount "43"]
[GameId "2130307643771873"]
[EventDate "2016.06.29"]
[EventType "tourn"]
[EventRounds "9"]
[EventCountry "SWE"]
[EventCategory "4"]
[SourceTitle "10 Days #476"]
[Source "Chess Mix"]

1. e4 e5 2. Nf3 Nc6 3. Bc4 Nf6 4. Ng5 d5 5. exd5 Nd4 6. c3 Nf5 7. O-O Nxd5 8. Re1 f6 9. d4 c6 10. Nf3 e4 11. Nbd2 Be7 12. Nxe4 O-O 13. Bb3 Kh8 14. Bc2 Bd7 15. a3 b5 16. Qd3 g6 17. b3 Ng7 18. c4 bxc4 19. bxc4 Bf5 20. g4 Bxe4 21. Qxe4 f5 22. gxf5 1-0

[Event "Visma IM-A"]
[Site "Vaxjo SWE"]
[Date "2016.07.02"]
[Round "7.4"]
[White "Golubka, Petro"]
[Black "Kvisvik, Brede"]
[Result "1-0"]
[WhiteElo "2386"]
[BlackElo "2287"]
[WhiteFideId "-1"]
[BlackFideId "-1"]
[PlyCount "85"]
[GameId "2130307643771882"]
[EventDate "2016.06.29"]
[EventType "tourn"]
[EventRounds "9"]
[EventCountry "SWE"]
[EventCategory "4"]
[SourceTitle "10 Days #476"]
[Source "Chess Mix"]

1. e4 e6 2. d4 d5 3. Nc3 Bb4 4. Nge2 Nc6 5. a3 Ba5 6. b4 Bb6 7. Be3 dxe4 8. Nxe4 Nf6 9. Nxf6+ Qxf6 10. c4 a6 11. c5 Ba7 12. g3 O-O 13. Bg2 Ne7 14. O-O Nd5 15. Qb3 c6 16. Nc3 Bb8 17. Ne4 Qe7 18. f4 Bd7 19. Bf2 Bc7 20. Rae1 Rfe8 21. Ng5 h6 22. Nf3 a5 23. Ne5 axb4 24. axb4 Ra7 25. Bxd5 cxd5 26. Nxd7 Qxd7 27. Ra1 Rea8 28. Rxa7 Rxa7 29. b5 Bd8 30. Rc1 Qc8 31. Kg2 g6 32. Rc3 Kg7 33. h3 h5 34. g4 hxg4 35. hxg4 e5 36. f5 exd4 37. Bxd4+ Bf6 38. Bxf6+ Kxf6 39. Qxd5 Ra4 40. g5+ Kxg5 41. fxg6+ Kxg6 42. Rg3+ Rg4 43. Qe4+ 1-0

[Event "Visma IM-A"]
[Site "Vaxjo SWE"]
[Date "2016.07.03"]
[Round "8.3"]
[White "Fries Nielsen, Jens Ove"]
[Black "Golubka, Petro"]
[Result "1/2-1/2"]
[WhiteElo "2364"]
[BlackElo "2386"]
[WhiteFideId "-1"]
[BlackFideId "-1"]
[PlyCount "161"]
[GameId "2130307643771886"]
[EventDate "2016.06.29"]
[EventType "tourn"]
[EventRounds "9"]
[EventCountry "SWE"]
[EventCategory "4"]
[SourceTitle "10 Days #476"]
[Source "Chess Mix"]

1. d4 Nf6 2. Bg5 Ne4 3. Bf4 c5 4. f3 Qa5+ 5. c3 Nf6 6. dxc5 Qxc5 7. b4 Qf5 8. g3 g6 9. Nd2 Bg7 10. e4 Qe6 11. Ne2 O-O 12. c4 Nh5 13. Be3 Nc6 14. Rb1 f5 15. Bh3 a5 16. b5 Ne5 17. Qc2 Qd6 18. O-O f4 19. Nxf4 Nxf4 20. Bxf4 Rxf4 21. gxf4 Nd3 22. c5 Qd4+ 23. Kh1 Nxf4 24. Bg2 d6 25. cxd6 exd6 26. Qc4+ Be6 27. Qxd4 Bxd4 28. Nb3 Be5 29. a4 Nd3 30. Nc1 Nf4 31. Rd1 Rc8 32. Nd3 Nxd3 33. Rxd3 g5 34. Rbd1 Rc4 35. h4 h6 36. Rxd6 Bxd6 37. Rxd6 Kf7 38. Rb6 Rxa4 39. Kh2 Ra2 40. hxg5 hxg5 41. Kg3 Rb2 42. Rxb7+ Kf6 43. Bh3 Bc4 44. b6 a4 45. Ra7 Rxb6 46. Rxa4 Bf7 47. Bg4 Rb5 48. Ra7 Bg6 49. Ra6+ Kg7 50. Rd6 Re5 51. Rd4 Rc5 52. Kf2 Bf7 53. Rd6 Rc3 54. Ke2 Ra3 55. Kd2 Bc4 56. Rd4 Bf7 57. Rb4 Ba2 58. Rb5 Kg6 59. Rb6+ Kg7 60. Bh5 Kh7 61. Rc6 Bg8 62. Rc3 Rxc3 63. Kxc3 Kg7 64. Kd4 Kf6 65. Bg4 Bf7 66. e5+ Ke7 67. Ke4 Bg6+ 68. Bf5 Bf7 69. Bc8 Bg6+ 70. Kd5 Bd3 71. Bg4 Bc2 72. e6 Bd3 73. Ke5 Bc2 74. Bf5 Bd1 75. Be4 Bb3 76. Bd5 Bc2 77. Bc6 Bd3 78. Ba8 Bc2 79. Bd5 Bd3 80. Kd4 Bf5 81. Ke5 1/2-1/2

[Event "Visma IM-A"]
[Site "Vaxjo SWE"]
[Date "2016.07.03"]
[Round "9.3"]
[White "Golubka, Petro"]
[Black "Andersson, Tommy"]
[Result "0-1"]
[WhiteElo "2386"]
[BlackElo "2389"]
[WhiteFideId "-1"]
[BlackFideId "-1"]
[PlyCount "122"]
[GameId "2130307643775989"]
[EventDate "2016.06.29"]
[EventType "tourn"]
[EventRounds "9"]
[EventCountry "SWE"]
[EventCategory "4"]
[SourceTitle "10 Days #476"]
[Source "Chess Mix"]

1. e4 c5 2. Nf3 d6 3. d4 cxd4 4. Nxd4 Nf6 5. Nc3 a6 6. Be3 e5 7. Nb3 Be6 8. f3 h5 9. Qd2 Nbd7 10. O-O-O Rc8 11. Kb1 Be7 12. h3 b5 13. Nd5 Bxd5 14. exd5 Nb6 15. Bxb6 Qxb6 16. Bd3 h4 17. f4 e4 18. Be2 O-O 19. Nd4 Rc5 20. Nf5 Re8 21. Ne3 b4 22. g4 hxg3 23. Rhg1 Rec8 24. Rxg3 Ne8 25. Qd4 f5 26. Nxf5 Bf6 27. Qxe4 Rxc2 28. Qxc2 Rxc2 29. Kxc2 Qf2 30. Re3 Nc7 31. Re4 g6 32. Nxd6 Qc5+ 33. Nc4 Nxd5 34. Bg4 Ne3+ 35. Rxe3 Qxc4+ 36. Kb1 Qxf4 37. Re2 Kg7 38. Rd7+ Kh6 39. Rd5 Bg5 40. Rd1 a5 41. b3 Bf6 42. Rd5 a4 43. Kc2 Qc7+ 44. Kd3 axb3 45. axb3 Qc3+ 46. Ke4 Qxb3 47. Rd6 Qc3 48. Rd7 b3 49. Rd1 b2 50. Rxb2 Qxb2 51. Rf1 Qb7+ 52. Ke3 Qb3+ 53. Kf2 Bd4+ 54. Kg2 Qc2+ 55. Kg3 Be5+ 56. Kf3 Qd3+ 57. Kf2 Kg5 58. Rd1 Bd4+ 59. Kg2 Qc2+ 60. Kh1 Be5 61. Kg1 Bg3 0-1

[Event "Lviv Tradition IM-B"]
[Site "Lviv UKR"]
[Date "2016.04.25"]
[Round "1"]
[White "Sevostianov, Pavel"]
[Black "Golubka, Petro"]
[Result "1/2-1/2"]
[WhiteElo "2267"]
[BlackElo "2393"]
[WhiteFideId "-1"]
[BlackFideId "-1"]
[PlyCount "72"]
[GameId "2130307645711125"]
[EventDate "2016.04.25"]
[EventType "tourn"]
[EventRounds "9"]
[EventCountry "UKR"]
[EventCategory "1"]
[SourceTitle "Mega2016 Update 31"]
[Source "Chessbase"]
[SourceDate "2016.05.05"]
[SourceVersion "1"]
[SourceVersionDate "2016.05.05"]
[SourceQuality "1"]

1. Nf3 Nf6 2. g3 b6 3. c4 e6 4. Bg2 Bb7 5. O-O Be7 6. b3 O-O 7. Bb2 Ne4 8. d3 Bf6 9. Qc2 Bxb2 10. Qxb2 Nf6 11. Nbd2 d5 12. Rac1 Nbd7 13. Rfd1 c5 14. d4 Qe7 15. cxd5 exd5 16. e3 Rfd8 17. Qa3 Kf8 18. Nb1 Ne4 19. dxc5 Ndxc5 20. Nd4 a5 21. Rc2 Rac8 22. Nc3 Nxc3 23. Rxc3 Qf6 24. Bh3 Rc7 25. Qb2 Kg8 26. Bg2 Rdc8 27. Rdc1 Ne6 28. Nb5 Rxc3 29. Rxc3 Rxc3 30. Qxc3 Qxc3 31. Nxc3 d4 32. exd4 Bxg2 33. Kxg2 Nxd4 34. f4 f6 35. Nd5 b5 36. Kf2 Kf7 1/2-1/2

[Event "Lviv Tradition IM-B"]
[Site "Lviv UKR"]
[Date "2016.04.26"]
[Round "2"]
[White "Golubka, Petro"]
[Black "Rozycki, Bartlomiej"]
[Result "1-0"]
[WhiteElo "2393"]
[BlackElo "2135"]
[WhiteFideId "-1"]
[BlackFideId "-1"]
[PlyCount "105"]
[GameId "2130307645711130"]
[EventDate "2016.04.25"]
[EventType "tourn"]
[EventRounds "9"]
[EventCountry "UKR"]
[EventCategory "1"]
[SourceTitle "Mega2016 Update 31"]
[Source "Chessbase"]
[SourceDate "2016.05.05"]
[SourceVersion "1"]
[SourceVersionDate "2016.05.05"]
[SourceQuality "1"]

1. d4 e6 2. c4 Nf6 3. Nf3 Bb4+ 4. Nbd2 b6 5. g3 Bb7 6. Bg2 O-O 7. O-O Bxd2 8. Qxd2 Be4 9. b3 d6 10. Bb2 Nbd7 11. Qe3 Qe7 12. Bh3 c5 13. Nd2 Bb7 14. a4 a5 15. f3 Rad8 16. Qf2 e5 17. d5 Bc8 18. e4 Nh5 19. f4 g6 20. Bg2 f6 21. Qe3 Rf7 22. Rf2 Rdf8 23. f5 g5 24. Bf3 Ng7 25. h4 h6 26. Kg2 Kh7 27. Rh1 Rh8 28. Kg1 Ne8 29. Rfh2 Kg7 30. hxg5 fxg5 31. Bh5 Rff8 32. Nf3 Ndf6 33. g4 Nxh5 34. Rxh5 Rfg8 35. Nxe5 dxe5 36. Qg3 Nf6 37. Qxe5 Kf7 38. Qxe7+ Kxe7 39. d6+ Kf7 40. Rxh6 Rxh6 41. Rxh6 Nxg4 42. Rh7+ Ke8 43. f6 Rf8 44. Re7+ Kd8 45. f7 Be6 46. Rxe6 Rxf7 47. Rg6 Rf3 48. e5 Rg3+ 49. Kf1 Rf3+ 50. Kg2 Rxb3 51. e6 Ne3+ 52. Kh1 Rxb2 53. Rg8# 1-0

[Event "Lviv Tradition IM-B"]
[Site "Lviv UKR"]
[Date "2016.04.26"]
[Round "3"]
[White "Vasina, Olena"]
[Black "Golubka, Petro"]
[Result "0-1"]
[WhiteElo "2080"]
[BlackElo "2393"]
[WhiteFideId "-1"]
[BlackFideId "-1"]
[PlyCount "74"]
[GameId "2130307645711136"]
[EventDate "2016.04.25"]
[EventType "tourn"]
[EventRounds "9"]
[EventCountry "UKR"]
[EventCategory "1"]
[SourceTitle "Mega2016 Update 31"]
[Source "Chessbase"]
[SourceDate "2016.05.05"]
[SourceVersion "1"]
[SourceVersionDate "2016.05.05"]
[SourceQuality "1"]

1. c4 e6 2. Nc3 d5 3. d4 c5 4. e3 Nf6 5. Nf3 Nc6 6. a3 Ne4 7. Be2 Be7 8. O-O O-O 9. Qc2 Nxc3 10. bxc3 Na5 11. Ne5 f6 12. Nf3 Nxc4 13. Bd3 f5 14. Bxc4 dxc4 15. Ne5 Qc7 16. e4 cxd4 17. cxd4 b5 18. Bf4 fxe4 19. Bg3 Bd6 20. a4 b4 21. Qxc4 Qxc4 22. Nxc4 Bxg3 23. hxg3 Ba6 24. Rfc1 b3 25. Rab1 Rab8 26. Nb2 Rfc8 27. Rc5 Rd8 28. Rd1 Rbc8 29. Ra5 Be2 30. Rb1 a6 31. Re5 Rxd4 32. Rxe6 h6 33. f3 Bd3 34. Nxd3 exd3 35. Ree1 d2 36. Red1 b2 37. Kf2 Rc1 0-1

[Event "Lviv Tradition IM-B"]
[Site "Lviv UKR"]
[Date "2016.04.27"]
[Round "4"]
[White "Golubka, Petro"]
[Black "Bogdanov, Egor"]
[Result "1/2-1/2"]
[WhiteElo "2393"]
[BlackElo "2302"]
[WhiteFideId "-1"]
[BlackFideId "-1"]
[PlyCount "60"]
[GameId "2130307645711139"]
[EventDate "2016.04.25"]
[EventType "tourn"]
[EventRounds "9"]
[EventCountry "UKR"]
[EventCategory "1"]
[SourceTitle "Mega2016 Update 31"]
[Source "Chessbase"]
[SourceDate "2016.05.05"]
[SourceVersion "1"]
[SourceVersionDate "2016.05.05"]
[SourceQuality "1"]

1. e4 c5 2. Nf3 d6 3. d4 cxd4 4. Nxd4 Nf6 5. Nc3 g6 6. Be3 Bg7 7. Bc4 O-O 8. f3 Nc6 9. Qd2 Bd7 10. Bb3 Qa5 11. O-O-O Rfc8 12. h4 Ne5 13. g4 b5 14. Kb1 Nc4 15. Bxc4 bxc4 16. Ka1 Rab8 17. h5 Rb6 18. hxg6 fxg6 19. Nde2 Ra6 20. Bd4 e5 21. Be3 Be6 22. g5 Nh5 23. a3 Rb8 24. Na2 Qc7 25. Nec3 Qb7 26. Rb1 Rf8 27. Rhf1 Nf4 28. Rbd1 Rb8 29. Rb1 Rf8 30. Rbd1 Rb8 1/2-1/2

[Event "Lviv Tradition IM-B"]
[Site "Lviv UKR"]
[Date "2016.04.27"]
[Round "5"]
[White "Wisniewski, Michal"]
[Black "Golubka, Petro"]
[Result "0-1"]
[WhiteElo "2236"]
[BlackElo "2393"]
[WhiteFideId "-1"]
[BlackFideId "-1"]
[PlyCount "110"]
[GameId "2130307645711147"]
[EventDate "2016.04.25"]
[EventType "tourn"]
[EventRounds "9"]
[EventCountry "UKR"]
[EventCategory "1"]
[SourceTitle "Mega2016 Update 31"]
[Source "Chessbase"]
[SourceDate "2016.05.05"]
[SourceVersion "1"]
[SourceVersionDate "2016.05.05"]
[SourceQuality "1"]

1. e4 e5 2. Nf3 Nc6 3. d4 exd4 4. Nxd4 Nf6 5. Nxc6 bxc6 6. e5 Qe7 7. Qe2 Nd5 8. c4 Ba6 9. Nd2 O-O-O 10. b3 f6 11. Bb2 fxe5 12. O-O-O Nf6 13. Qxe5 Qxe5 14. Bxe5 Ba3+ 15. Kc2 Ng4 16. Bg3 Rhf8 17. Nf3 Bc5 18. Rd2 g6 19. Bh4 Rde8 20. Bd3 d5 21. cxd5 Bxd3+ 22. Rxd3 Bxf2 23. h3 Ne3+ 24. Kd2 Rxf3 25. Ke2 Rf7 26. Bxf2 Ng4+ 27. Be3 Rf2+ 28. Ke1 Rxa2 29. hxg4 Ra1+ 30. Rd1 Rxe3+ 31. Kf2 Rxd1 32. Rxd1 Rxb3 33. dxc6 Rb6 34. Rc1 Kd8 35. Kf3 Ke7 36. Kf4 Kd6 37. Kg5 Rxc6 38. Ra1 a6 39. Kh6 Rc4 40. Rxa6+ c6 41. Kg5 h6+ 42. Kxg6 Rxg4+ 43. Kxh6 Rxg2 44. Kh5 Kd5 45. Kh4 c5 46. Ra8 c4 47. Kh3 Rg7 48. Rd8+ Ke4 49. Rc8 Kd3 50. Rd8+ Kc2 51. Rc8 c3 52. Rc6 Kd2 53. Rd6+ Kc1 54. Rc6 c2 55. Rc8 Rd7 0-1

[Event "Lviv Tradition IM-B"]
[Site "Lviv UKR"]
[Date "2016.04.28"]
[Round "6"]
[White "Golubka, Petro"]
[Black "Sliwicka, Alicja"]
[Result "1-0"]
[WhiteElo "2393"]
[BlackElo "2084"]
[WhiteFideId "-1"]
[BlackFideId "-1"]
[PlyCount "135"]
[GameId "2130307645711149"]
[EventDate "2016.04.25"]
[EventType "tourn"]
[EventRounds "9"]
[EventCountry "UKR"]
[EventCategory "1"]
[SourceTitle "Mega2016 Update 31"]
[Source "Chessbase"]
[SourceDate "2016.05.05"]
[SourceVersion "1"]
[SourceVersionDate "2016.05.05"]
[SourceQuality "1"]

1. e4 e5 2. f4 exf4 3. Qf3 Nc6 4. c3 Qh4+ 5. g3 fxg3 6. hxg3 Qe7 7. d4 d6 8. Bd3 h5 9. Rxh5 Bg4 10. Rxh8 Bxf3 11. Nxf3 Nh6 12. Be3 O-O-O 13. Nbd2 f6 14. O-O-O Ng4 15. Bg1 Nh6 16. Nc4 g5 17. e5 f5 18. Be3 Qg7 19. Rxh6 Qxh6 20. Bxg5 Qh3 21. Bxd8 Kxd8 22. exd6 cxd6 23. d5 Ne7 24. Nd4 Bh6+ 25. Kb1 Qxg3 26. Bc2 Qh2 27. a3 Bf4 28. Re1 Be5 29. Ne6+ Kd7 30. Ba4+ Kc8 31. Nxe5 Qh4 32. Bd7+ Kb8 33. Nf3 Qf2 34. Ned4 Nxd5 35. Bxf5 Ne3 36. Bd3 Nd5 37. Ka1 a6 38. Re2 Qg3 39. Re8+ Ka7 40. Be4 Nf6 41. Re6 d5 42. Bd3 Nd7 43. Bxa6 bxa6 44. Re7 Qd6 45. Ne5 Qf6 46. Rxd7+ Kb6 47. Ndf3 Qe6 48. Rg7 Qh3 49. Ka2 a5 50. Rg6+ Kb7 51. Nd4 Qh5 52. Rg7+ Kb6 53. Nd7+ Ka6 54. Nc5+ Kb6 55. Na4+ Ka6 56. Re7 Qd1 57. Nc5+ Kb6 58. Re6+ Kc7 59. a4 Qf1 60. Ncb3 Kd7 61. Nxa5 Qf8 62. Nab3 Qc8 63. a5 Qc4 64. a6 Qa4+ 65. Kb1 Kd8 66. a7 Kc7 67. Nb5+ Kd8 68. a8=Q+ 1-0

[Event "Lviv Tradition IM-B"]
[Site "Lviv UKR"]
[Date "2016.04.29"]
[Round "7"]
[White "Frolov, Artur"]
[Black "Golubka, Petro"]
[Result "1-0"]
[WhiteElo "2458"]
[BlackElo "2393"]
[WhiteFideId "-1"]
[BlackFideId "-1"]
[PlyCount "97"]
[GameId "2130307645711154"]
[EventDate "2016.04.25"]
[EventType "tourn"]
[EventRounds "9"]
[EventCountry "UKR"]
[EventCategory "1"]
[SourceTitle "Mega2016 Update 31"]
[Source "Chessbase"]
[SourceDate "2016.05.05"]
[SourceVersion "1"]
[SourceVersionDate "2016.05.05"]
[SourceQuality "1"]

1. e4 e5 2. Nf3 Nc6 3. Bb5 a6 4. Ba4 Nf6 5. O-O b5 6. Bb3 Be7 7. Re1 O-O 8. a4 b4 9. d3 d6 10. a5 Bd7 11. Nbd2 Qc8 12. Nc4 Bg4 13. c3 Rb8 14. Ba4 Na7 15. Ne3 bxc3 16. bxc3 Be6 17. c4 c5 18. Bd2 Nc6 19. Bxc6 Qxc6 20. Rb1 Nd7 21. Qc2 h6 22. Nd5 Bf6 23. Bc3 Rfc8 24. Nxf6+ Nxf6 25. Nd2 Nh5 26. Nf1 f5 27. Ne3 fxe4 28. dxe4 Nf4 29. Nd5 Bxd5 30. exd5 Qd7 31. f3 Qd8 32. g3 Nh3+ 33. Kg2 Qd7 34. Bd2 Ng5 35. Bxg5 hxg5 36. Rb6 Rf8 37. Reb1 Rxb6 38. axb6 g4 39. f4 exf4 40. gxf4 a5 41. Qg6 Qe7 42. Qe6+ Qxe6 43. dxe6 Rb8 44. Kg3 Kf8 45. Kxg4 Ke7 46. f5 a4 47. Kg5 a3 48. Kg6 Kf8 49. Ra1 1-0

[Event "Lviv Tradition IM-B"]
[Site "Lviv UKR"]
[Date "2016.04.29"]
[Round "8"]
[White "Golubka, Petro"]
[Black "Bunyatov, Rustam Faiq"]
[Result "1/2-1/2"]
[WhiteElo "2393"]
[BlackElo "2263"]
[WhiteFideId "-1"]
[BlackFideId "-1"]
[PlyCount "67"]
[GameId "2130307645711159"]
[EventDate "2016.04.25"]
[EventType "tourn"]
[EventRounds "9"]
[EventCountry "UKR"]
[EventCategory "1"]
[SourceTitle "Mega2016 Update 31"]
[Source "Chessbase"]
[SourceDate "2016.05.05"]
[SourceVersion "1"]
[SourceVersionDate "2016.05.05"]
[SourceQuality "1"]

1. e4 e5 2. Nf3 Nc6 3. Bb5 Nge7 4. c3 a6 5. Ba4 g6 6. h4 h6 7. d4 exd4 8. cxd4 b5 9. Bb3 Bg7 10. Nc3 d6 11. h5 g5 12. Be3 Na5 13. d5 Nxb3 14. axb3 Bg4 15. Qd2 c5 16. dxc6 Nxc6 17. Nd4 Ne7 18. f3 Bd7 19. Nc2 Be6 20. Nb4 Bxb3 21. Rxa6 Rxa6 22. Nxa6 Bc4 23. b3 b4 24. Nxb4 Bxb3 25. Bd4 Bxd4 26. Qxd4 O-O 27. O-O Qc7 28. Rb1 Bc4 29. Ra1 Qc5 30. Qxc5 dxc5 31. Nbd5 Bxd5 32. exd5 Rd8 33. Ne4 f5 34. d6 1/2-1/2

[Event "Lviv Tradition IM-B"]
[Site "Lviv UKR"]
[Date "2016.04.30"]
[Round "9"]
[White "Osmak, Iulija"]
[Black "Golubka, Petro"]
[Result "1-0"]
[WhiteElo "2351"]
[BlackElo "2393"]
[WhiteFideId "-1"]
[BlackFideId "-1"]
[PlyCount "51"]
[GameId "2130307645711165"]
[EventDate "2016.04.25"]
[EventType "tourn"]
[EventRounds "9"]
[EventCountry "UKR"]
[EventCategory "1"]
[SourceTitle "Mega2016 Update 31"]
[Source "Chessbase"]
[SourceDate "2016.05.05"]
[SourceVersion "1"]
[SourceVersionDate "2016.05.05"]
[SourceQuality "1"]

1. e4 e5 2. Nf3 Nc6 3. Bb5 a6 4. Ba4 d6 5. O-O b5 6. Bb3 Na5 7. c3 Nxb3 8. axb3 Nf6 9. Re1 Bb7 10. d3 g6 11. Nbd2 Bg7 12. b4 O-O 13. Nb3 Rb8 14. Na5 Ba8 15. Nb3 Bb7 16. Na5 Ba8 17. Nb3 Qc8 18. Be3 Re8 19. Ba7 Rb7 20. Rxa6 d5 21. Nc5 dxe4 22. dxe4 Rd8 23. Qb3 Rd6 24. Raa1 Nd7 25. Nxb7 Bxb7 26. Bc5 1-0

[Event "Lviv Bank op rapid"]
[Site "Lviv UKR"]
[Date "2016.03.15"]
[Round "3"]
[White "Vovk, Yuri"]
[Black "Golubka, Petro"]
[Result "1/2-1/2"]
[WhiteElo "2611"]
[BlackElo "2393"]
[WhiteFideId "-1"]
[BlackFideId "-1"]
[PlyCount "118"]
[GameId "2130307647167692"]
[EventDate "2016.03.15"]
[EventType "swiss (rapid)"]
[EventRounds "11"]
[EventCountry "UKR"]
[SourceTitle "Mega2016 Update 25"]
[Source "Chessbase"]
[SourceDate "2016.03.25"]
[SourceVersion "1"]
[SourceVersionDate "2016.03.25"]
[SourceQuality "1"]

1. d4 d5 2. c4 e6 3. Nf3 c5 4. cxd5 exd5 5. Nc3 Nc6 6. dxc5 d4 7. Na4 Bxc5 8. Nxc5 Qa5+ 9. Bd2 Qxc5 10. Rc1 Qb6 11. e3 dxe3 12. Bxe3 Qb4+ 13. Bd2 Qe4+ 14. Be2 Nge7 15. O-O O-O 16. Re1 Qg6 17. Bc3 Be6 18. Qa4 Nd5 19. Bd2 h6 20. Bb5 Nde7 21. a3 a6 22. Bf1 Rfd8 23. Be3 Nd5 24. Bc5 Rac8 25. Qh4 Qg4 26. Qxg4 Bxg4 27. Nd2 Nf4 28. Nc4 Nd3 29. Bxd3 Rxd3 30. Nd6 Rb8 31. f3 Be6 32. Red1 Rxd1+ 33. Rxd1 Rd8 34. Rd2 Rd7 35. Kf2 Na5 36. Bb4 Nb3 37. Rd1 a5 38. Bc3 a4 39. h4 h5 40. Bb4 Rc7 41. Kg3 Rc1 42. Rd3 Rc2 43. Nxb7 Rxb2 44. Nd8 Nc1 45. Rd2 Rxd2 46. Bxd2 Nb3 47. Be3 Bd5 48. Kf4 f6 49. Kf5 Na1 50. Bc5 Nc2 51. Ne6 Ne1 52. Nf4 Bf7 53. Ke4 g5 54. hxg5 fxg5 55. Nh3 g4 56. fxg4 Nxg2 57. g5 Be6 58. Nf4 Nxf4 59. Kxf4 Kf7 1/2-1/2

[Event "Lviv Bank op rapid"]
[Site "Lviv UKR"]
[Date "2016.03.16"]
[Round "10"]
[White "Golubka, Petro"]
[Black "Mirzoev, Emil"]
[Result "1-0"]
[WhiteElo "2393"]
[BlackElo "2433"]
[WhiteFideId "-1"]
[BlackFideId "-1"]
[PlyCount "95"]
[GameId "2130307647171827"]
[EventDate "2016.03.15"]
[EventType "swiss (rapid)"]
[EventRounds "11"]
[EventCountry "UKR"]
[SourceTitle "Mega2016 Update 25"]
[Source "Chessbase"]
[SourceDate "2016.03.25"]
[SourceVersion "1"]
[SourceVersionDate "2016.03.25"]
[SourceQuality "1"]

1. e4 c5 2. Nf3 e6 3. c4 b6 4. Nc3 Bb7 5. d4 cxd4 6. Nxd4 d6 7. g3 a6 8. Bg2 Nf6 9. O-O Nbd7 10. Qe2 Qc7 11. Nd5 exd5 12. exd5+ Ne5 13. Nc6 Bxc6 14. dxc6 Be7 15. b4 O-O 16. b5 axb5 17. cxb5 d5 18. a4 Rfe8 19. Bf4 Bd6 20. Qd1 Nc4 21. Bg5 Be5 22. Ra2 Rad8 23. Qd3 h6 24. Bxf6 Bxf6 25. Bxd5 Na5 26. Qf3 Re5 27. Rd2 Nc4 28. Rd4 Nb2 29. a5 bxa5 30. Rb1 Qb6 31. Rd2 Nc4 32. Rd3 Nd6 33. Qd1 Nf5 34. Rc1 Rc8 35. Bc4 Rc5 36. Rd5 Rxd5 37. Qxd5 Nd4 38. Qxf7+ Kh8 39. Qd7 Rd8 40. Qb7 Qxb7 41. cxb7 Rb8 42. Bd3 Ne2+ 43. Bxe2 Rxb7 44. Rc8+ Kh7 45. Bd3+ g6 46. Rc6 Kg7 47. b6 Bd4 48. Rc7+ 1-0

[Event "Lviv Bank op rapid"]
[Site "Lviv UKR"]
[Date "2016.03.16"]
[Round "11"]
[White "Kislinsky, Alexey"]
[Black "Golubka, Petro"]
[Result "1-0"]
[WhiteElo "2482"]
[BlackElo "2393"]
[WhiteFideId "-1"]
[BlackFideId "-1"]
[PlyCount "53"]
[GameId "2130307647171832"]
[EventDate "2016.03.15"]
[EventType "swiss (rapid)"]
[EventRounds "11"]
[EventCountry "UKR"]
[SourceTitle "Mega2016 Update 25"]
[Source "Chessbase"]
[SourceDate "2016.03.25"]
[SourceVersion "1"]
[SourceVersionDate "2016.03.25"]
[SourceQuality "1"]

1. e4 e6 2. d4 d5 3. Nd2 a6 4. a3 h6 5. c3 c5 6. Ngf3 Nc6 7. Bd3 cxd4 8. cxd4 dxe4 9. Nxe4 Be7 10. O-O Nf6 11. Nc3 Nd5 12. Re1 O-O 13. Bc2 Nf6 14. Qd3 Bd7 15. Bf4 Rc8 16. Rad1 Na5 17. d5 Re8 18. d6 Bf8 19. Ne5 b5 20. Ng4 g6 21. Nxh6+ Bxh6 22. Bxh6 Nh7 23. Qg3 Qf6 24. h4 Nc4 25. h5 Nf8 26. Bxf8 Rxf8 27. hxg6 1-0

[Event "Rilton Cup 2015-16"]
[Site "Stockholm SWE"]
[Date "2015.12.27"]
[Round "1.28"]
[White "Adler, Bo"]
[Black "Golubka, Petro"]
[Result "1/2-1/2"]
[WhiteElo "2174"]
[BlackElo "2406"]
[WhiteFideId "-1"]
[BlackFideId "-1"]
[PlyCount "68"]
[GameId "2130307649597142"]
[EventDate "2015.12.27"]
[EventType "swiss"]
[EventRounds "9"]
[EventCountry "SWE"]
[SourceTitle "The Week in Chess 1103"]
[Source "Mark Crowther"]
[SourceDate "2015.12.28"]
[SourceVersion "1"]
[SourceVersionDate "2015.12.28"]
[SourceQuality "2"]

1. d4 d5 2. c4 e6 3. Nc3 c5 4. cxd5 exd5 5. e4 dxe4 6. d5 Nf6 7. Bf4 Bd6 8. Bb5+ Kf8 9. Qd2 a6 10. Ba4 Bg4 11. h3 Bh5 12. Nge2 Bxe2 13. Bxd6+ Qxd6 14. Qxe2 b5 15. Bc2 Nbd7 16. O-O Re8 17. f3 exf3 18. Qxf3 Ne5 19. Qf2 h5 20. Qh4 Rh6 21. Rae1 b4 22. Ne4 Nxe4 23. Qxe4 Rf6 24. Rxf6 gxf6 25. Kh1 Ke7 26. Rf1 c4 27. Qh4 Rc8 28. Be4 Rh8 29. Rxf6 Qxf6 30. d6+ Ke6 31. Bd5+ Kf5 32. Be4+ Ke6 33. Bd5+ Kf5 34. Be4+ Ke6 1/2-1/2

[Event "Rilton Cup 2015-16"]
[Site "Stockholm SWE"]
[Date "2015.12.28"]
[Round "2"]
[White "Golubka, Petro"]
[Black "Risting, Eivind Olav"]
[Result "1/2-1/2"]
[WhiteElo "2406"]
[BlackElo "1985"]
[WhiteFideId "-1"]
[BlackFideId "-1"]
[PlyCount "75"]
[GameId "2130307649597161"]
[EventDate "2015.12.27"]
[EventType "swiss"]
[EventRounds "9"]
[EventCountry "SWE"]
[SourceTitle "Mega2016 Update 14"]
[Source "Chessbase"]
[SourceDate "2016.01.08"]
[SourceVersion "1"]
[SourceVersionDate "2016.01.08"]
[SourceQuality "1"]

1. e4 e6 2. d4 d5 3. Nd2 Nf6 4. e5 Nfd7 5. Bd3 c5 6. c3 Nc6 7. Ne2 cxd4 8. cxd4 f6 9. exf6 Nxf6 10. Nf3 Bd6 11. O-O Qc7 12. g3 O-O 13. Bf4 Ng4 14. Qd2 e5 15. dxe5 Ngxe5 16. Nxe5 Nxe5 17. Kg2 Bg4 18. Bxe5 Bf3+ 19. Kg1 Bxe5 20. Nc3 Bxc3 21. bxc3 Rac8 22. Rfc1 Qe5 23. Rab1 Rc7 24. c4 Kh8 25. cxd5 Rxc1+ 26. Qxc1 Qxd5 27. Qa3 Rd8 28. Bf1 a6 29. Rb3 Be4 30. Qe7 Rc8 31. Re3 Bg6 32. h4 h6 33. Re5 Qd1 34. Re1 Qd4 35. Bh3 Re8 36. Qxe8+ Bxe8 37. Rxe8+ Kh7 38. Bf5+ 1/2-1/2

[Event "Rilton Cup 2015-16"]
[Site "Stockholm SWE"]
[Date "2015.12.29"]
[Round "3"]
[White "Ertan, Can"]
[Black "Golubka, Petro"]
[Result "1-0"]
[WhiteElo "2241"]
[BlackElo "2406"]
[WhiteFideId "-1"]
[BlackFideId "-1"]
[PlyCount "77"]
[GameId "2130307649601302"]
[EventDate "2015.12.27"]
[EventType "swiss"]
[EventRounds "9"]
[EventCountry "SWE"]
[SourceTitle "Mega2016 Update 14"]
[Source "Chessbase"]
[SourceDate "2016.01.08"]
[SourceVersion "1"]
[SourceVersionDate "2016.01.08"]
[SourceQuality "1"]

1. e4 c5 2. Nf3 d6 3. c3 Nf6 4. Qc2 Qc7 5. Bc4 Bg4 6. d4 Bxf3 7. gxf3 Nbd7 8. d5 g6 9. a4 Bg7 10. f4 O-O 11. Rg1 Nb6 12. Be2 e6 13. dxe6 fxe6 14. Be3 Qf7 15. Nd2 Rac8 16. f5 exf5 17. a5 Nbd7 18. exf5 Ne5 19. f4 Nc6 20. fxg6 Qe7 21. gxh7+ Kh8 22. Qg6 Rc7 23. Nc4 b5 24. axb6 axb6 25. O-O-O d5 26. Ne5 d4 27. Bd2 Nxe5 28. fxe5 Qxe5 29. Bc4 dxc3 30. bxc3 b5 31. Rde1 Qd6 32. Re6 Qxh2 33. Bd3 Nxh7 34. Ree1 Rf2 35. Rh1 Rxd2 36. Qxh7+ Qxh7 37. Rxh7+ Kg8 38. Kxd2 b4 39. Rg1 1-0